000 00431nam a22001697a 4500
999 _c525857
_d525857
003 NUST
020 _qP/B
038 _awaseem
082 _a891.4911
_bSAB
100 _aSabir Afaqi
_916801
245 _aPegham-e-Inqlab /
_cSabir Afaqi
260 _aRawalpindi :
_bS T Printers,
_c1997.
300 _a100 p. ;
880 _6100-01\r
_aصابر آفاقی
880 _6245-02\r
_aپیغامِ اِنقلاب /
942 _2ddc
_cBK